[Event "Brazil Foz do Iguacu op"]
[Site "Foz do Iguacu"]
[Date "2018.05.19"]
[Round "8"]
[White "Rodriguez Vila, Andres"]
[Black "Martinez, Carlos Alejandro"]
[Result "1-0"]
[WhiteElo "2477"]
[BlackElo "2507"]
[PlyCount "34"]
[EventDate "2018.05.16"]
[EventType "swiss"]
[EventRounds "9"]
[EventCountry "BRA"]
[SourceTitle "CBM 184 Extra"]
[Source "ChessBase"]
[SourceDate "2018.06.28"]
[SourceVersion "1"]
[SourceVersionDate "2018.06.28"]
[SourceQuality "1"]

1. e4 c6 2. d4 d5 3. e5 Bf5 4. h4 h5 5. Bg5 Qb6 6. Bd3 Bxd3 7. Qxd3 e6 8. Nd2 Ne7 9. Ngf3 Qa6 10. c4 Nd7 11. 0-0 f6 12. exf6 gxf6 13. Bf4 Kf7 14. Rfe1 Ng6 15. Bg3 Re8 16. a4 Bb4 17. Rec1 Ne7 1-0

[Event "Brazil Foz do Iguacu op"]
[Site "Foz do Iguacu"]
[Date "2018.05.18"]
[Round "6"]
[White "Terao, Juliana Sayumi"]
[Black "Martinez, Carlos Alejandro"]
[Result "1/2-1/2"]
[WhiteElo "2255"]
[BlackElo "2507"]
[PlyCount "103"]
[EventDate "2018.05.16"]
[EventType "swiss"]
[EventRounds "9"]
[EventCountry "BRA"]
[SourceTitle "CBM 184 Extra"]
[Source "ChessBase"]
[SourceDate "2018.06.28"]
[SourceVersion "1"]
[SourceVersionDate "2018.06.28"]
[SourceQuality "1"]

1. e4 c6 2. Nf3 d5 3. exd5 cxd5 4. Ne5 a6 5. d4 Nc6 6. c3 Nf6 7. Bd3 g6 8. 0-0 Bf5 9. Re1 Bxd3 10. Qxd3 e6 11. Bg5 Be7 12. Nd2 Nxe5 13. dxe5 Nd7 14. Bxe7 Qxe7 15. c4 Nb6 16. Qd4 Nxc4 17. Nxc4 dxc4 18. Qxc4 0-0 19. Rad1 Rac8 20. Qe4 Rfd8 21. h4 h5 22. g3 Rc7 23. a3 Rcd7 24. Rxd7 Qxd7 25. Rc1 Qd5 26. Qe2 b5 27. Kh2 Qd4 28. Rc7 Qd3 29. Qxd3 Rxd3 30. Rc2 Rb3 31. Rd2 a5 32. Kg2 Kf8 33. Kf1 Ke7 34. Ke2 f6 35. exf6+ Kxf6 36. f3 e5 37. Kf2 Kf5 38. Re2 a4 39. Kg2 Rd3 40. Rc2 Rd4 41. Kh3 b4 42. axb4 Rxb4 43. Re2 e4 44. fxe4+ Rxe4 45. Rc2 Rg4 46. Re2 Rb4 47. Rc2 Ke4 48. Rc6 Kf5 49. Ra6 Rg4 50. Rb6 Ke4 51. b3 a3 52. Ra6 1/2-1/2

[Event "Brazil Foz do Iguacu op"]
[Site "Foz do Iguacu"]
[Date "2018.05.17"]
[Round "4"]
[White "Mareco, Sandro"]
[Black "Martinez, Carlos Alejandro"]
[Result "1-0"]
[WhiteElo "2637"]
[BlackElo "2507"]
[PlyCount "69"]
[EventDate "2018.05.16"]
[EventType "swiss"]
[EventRounds "9"]
[EventCountry "BRA"]
[SourceTitle "CBM 184 Extra"]
[Source "ChessBase"]
[SourceDate "2018.06.28"]
[SourceVersion "1"]
[SourceVersionDate "2018.06.28"]
[SourceQuality "1"]

1. d4 Nf6 2. c4 e6 3. Nf3 b6 4. g3 Bb7 5. Bg2 Bb4+ 6. Bd2 Be7 7. Nc3 c5 8. d5 exd5 9. cxd5 d6 10. 0-0 0-0 11. Nh4 Re8 12. e4 Bf8 13. f4 Nbd7 14. Qc2 Ba6 15. Rfe1 b5 16. Nd1 Rc8 17. Nf2 Bb7 18. Nf3 g6 19. a4 b4 20. Bf1 a6 21. a5 Bg7 22. Bc4 Nb8 23. Qd3 h5 24. h3 Nfd7 25. Ra2 Qe7 26. b3 Rcd8 27. Re3 Qf6 28. Bc1 Qe7 29. Rae2 Nf6 30. Bb2 Qf8 31. Bxf6 Bxf6 32. e5 dxe5 33. fxe5 Bg7 34. d6 Bxf3 35. Rxf3 1-0

[Event "Brazil Foz do Iguacu op"]
[Site "Foz do Iguacu"]
[Date "2018.05.17"]
[Round "3"]
[White "Martinez, Carlos Alejandro"]
[Black "Larrea, Manuel"]
[Result "0-1"]
[WhiteElo "2507"]
[BlackElo "2274"]
[PlyCount "58"]
[EventDate "2018.05.16"]
[EventType "swiss"]
[EventRounds "9"]
[EventCountry "BRA"]
[SourceTitle "CBM 184 Extra"]
[Source "ChessBase"]
[SourceDate "2018.06.28"]
[SourceVersion "1"]
[SourceVersionDate "2018.06.28"]
[SourceQuality "1"]

1. d4 Nf6 2. c4 g6 3. Nc3 Bg7 4. e4 d6 5. f3 0-0 6. Be3 Nc6 7. Qd2 a6 8. Nge2 Rb8 9. a4 a5 10. Nc1 e5 11. d5 Nd4 12. Nb5 c5 13. dxc6 bxc6 14. Nxd4 exd4 15. Bxd4 Nh5 16. Bxg7 Kxg7 17. Nd3 f5 18. 0-0-0 fxe4 19. fxe4 Nf6 20. Be2 Qb6 21. Bf3 Qb3 22. Qc2 Qa2 23. e5 dxe5 24. Bxc6 Bf5 25. b4 Qa1+ 26. Qb1 Qd4 27. Qb3 Rfd8 28. Qb2 Qxc4+ 29. Qc2 Qd4 0-1

[Event "Biblioteca Municipal IRT"]
[Site "Campinas"]
[Date "2011.09.05"]
[Round "10"]
[White "Martinez, Carlos Alejandro"]
[Black "Goncalves, Henrique Machado"]
[Result "1-0"]
[WhiteElo "2501"]
[BlackElo "1717"]
[PlyCount "79"]
[EventDate "2011.08.27"]
[EventType "tourn"]
[EventRounds "14"]
[EventCountry "BRA"]
[SourceTitle "EXT 2012"]
[Source "ChessBase"]
[SourceDate "2011.11.24"]
[SourceVersion "1"]
[SourceVersionDate "2011.11.24"]
[SourceQuality "1"]

1. c4 Nf6 2. Nc3 g6 3. e4 d6 4. d4 Bg7 5. Nf3 0-0 6. Be2 Nbd7 7. 0-0 e5 8. d5 Ne8 9. Ne1 h6 10. f3 Kh7 11. Be3 Qe7 12. Bd3 Nc5 13. Bc2 a5 14. Nd3 Nxd3 15. Qxd3 Bd7 16. Rac1 b6 17. Ba4 Bxa4 18. Nxa4 f5 19. Nc3 f4 20. Bf2 Rf7 21. a3 Bf8 22. b4 axb4 23. axb4 Rg7 24. c5 bxc5 25. bxc5 dxc5 26. Nb5 Nd6 27. Rxc5 Nxe4 28. Qxe4 Qd8 29. Rc6 Bd6 30. Nxd6 cxd6 31. Qb4 Rd7 32. Rfc1 Qf6 33. h3 h5 34. Rc7 Rxc7 35. Rxc7+ Kh6 36. Rd7 Ra6 37. Qb7 Ra1+ 38. Kh2 g5 39. Rf7 Qg6 40. Qe7 1-0

[Event "Biblioteca Municipal IRT"]
[Site "Campinas"]
[Date "2011.09.02"]
[Round "8"]
[White "Martinez, Carlos Alejandro"]
[Black "Mecking, Henrique"]
[Result "1/2-1/2"]
[WhiteElo "2501"]
[BlackElo "2578"]
[PlyCount "33"]
[EventDate "2011.08.27"]
[EventType "tourn"]
[EventRounds "14"]
[EventCountry "BRA"]
[SourceTitle "EXT 2012"]
[Source "ChessBase"]
[SourceDate "2011.11.24"]
[SourceVersion "1"]
[SourceVersionDate "2011.11.24"]
[SourceQuality "1"]

1. e4 e5 2. Nf3 Nc6 3. Bb5 a6 4. Bxc6 dxc6 5. d4 exd4 6. Qxd4 Qxd4 7. Nxd4 Bd7 8. Be3 0-0-0 9. Nd2 Ne7 10. 0-0-0 Ng6 11. f4 f6 12. f5 Ne5 13. N4f3 Bd6 14. Nxe5 Bxe5 15. g4 Rhe8 16. g5 Re7 17. Rhe1 1/2-1/2

[Event "Biblioteca Municipal IRT"]
[Site "Campinas"]
[Date "2011.08.31"]
[Round "5"]
[White "Cardoso, Matheus Santos"]
[Black "Martinez, Carlos Alejandro"]
[Result "0-1"]
[WhiteElo "1709"]
[BlackElo "2501"]
[PlyCount "54"]
[EventDate "2011.08.27"]
[EventType "tourn"]
[EventRounds "14"]
[EventCountry "BRA"]
[SourceTitle "EXT 2012"]
[Source "ChessBase"]
[SourceDate "2011.11.24"]
[SourceVersion "1"]
[SourceVersionDate "2011.11.24"]
[SourceQuality "1"]

1. e4 c5 2. Nf3 d6 3. d4 cxd4 4. Nxd4 Nf6 5. Nc3 a6 6. Bd3 e5 7. Nb3 b5 8. Bg5 Bb7 9. 0-0 Nbd7 10. f4 Be7 11. fxe5 dxe5 12. Bxf6 Nxf6 13. Qf3 0-0 14. Rad1 Rc8 15. Kh1 Qb6 16. Nd5 Nxd5 17. exd5 g6 18. c3 f5 19. Bc2 Bd6 20. h4 Rc4 21. Qh3 Qd8 22. g3 Rg4 23. Bxf5 gxf5 24. Rxf5 Rg6 25. h5 Rxf5 26. hxg6 hxg6 27. g4 Rf7 0-1

[Event "Biblioteca Municipal IRT"]
[Site "Campinas"]
[Date "2011.08.27"]
[Round "1"]
[White "Mecking, Henrique"]
[Black "Martinez, Carlos Alejandro"]
[Result "1-0"]
[WhiteElo "2578"]
[BlackElo "2501"]
[PlyCount "59"]
[EventDate "2011.08.27"]
[EventType "tourn"]
[EventRounds "14"]
[EventCountry "BRA"]
[SourceTitle "EXT 2012"]
[Source "ChessBase"]
[SourceDate "2011.11.24"]
[SourceVersion "1"]
[SourceVersionDate "2011.11.24"]
[SourceQuality "1"]

1. d4 Nf6 2. c4 g6 3. Nc3 Bg7 4. e4 d6 5. f3 0-0 6. Be3 Na6 7. Qd2 c5 8. Nge2 cxd4 9. Nxd4 Nc5 10. Be2 Bd7 11. 0-0 Qb8 12. Rfd1 Rc8 13. Rac1 a6 14. Bf1 Ne6 15. Nb3 b5 16. Nd5 Nxd5 17. cxd5 Nd8 18. Na5 Nb7 19. Rxc8+ Bxc8 20. Nc6 Qc7 21. Rc1 Nd8 22. Na7 Qd7 23. Qa5 Nb7 24. Qb6 Nc5 25. Nxc8 Rxc8 26. b4 Na4 27. Qxa6 Rxc1 28. Bxc1 Bd4+ 29. Kh1 Nc3 30. Bh6 1-0

[Event "Itu LCX 22nd"]
[Site "Itu"]
[Date "2011.04.11"]
[Round "10"]
[White "Grillo, Cloves Moises"]
[Black "Martinez, Carlos Alejandro"]
[Result "0-1"]
[WhiteElo "1725"]
[BlackElo "2496"]
[PlyCount "46"]
[EventDate "2011.03.23"]
[EventType "tourn"]
[EventRounds "11"]
[EventCountry "BRA"]
[SourceTitle "EXT 2022"]
[Source "ChessBase"]
[SourceDate "2021.10.06"]
[SourceVersion "1"]
[SourceVersionDate "2021.10.06"]
[SourceQuality "1"]

1. d4 Nf6 2. c4 c5 3. d5 e6 4. Nc3 exd5 5. cxd5 d6 6. e4 g6 7. Bd3 Bg7 8. Bg5 0-0 9. Nge2 a6 10. Qd2 b5 11. a3 Nbd7 12. Ng3 c4 13. Be2 Nc5 14. Rb1 Re8 15. f3 Qb6 16. Be3 Qc7 17. h4 h5 18. Bd4 Nb3 19. Qd1 Nxd4 20. Qxd4 Nxe4 21. Qd1 Nxg3 22. Rh2 Bxc3+ 23. bxc3 Rxe2+ 0-1

[Event "Itu LCX 22nd"]
[Site "Itu"]
[Date "2011.04.04"]
[Round "7"]
[White "Milanelo, Carlos Alberto"]
[Black "Martinez, Carlos Alejandro"]
[Result "0-1"]
[WhiteElo "1698"]
[BlackElo "2496"]
[PlyCount "52"]
[EventDate "2011.03.23"]
[EventType "tourn"]
[EventRounds "11"]
[EventCountry "BRA"]
[SourceTitle "EXT 2022"]
[Source "ChessBase"]
[SourceDate "2021.10.06"]
[SourceVersion "1"]
[SourceVersionDate "2021.10.06"]
[SourceQuality "1"]

1. e4 c5 2. Nf3 d6 3. d4 cxd4 4. Nxd4 Nf6 5. Nc3 g6 6. Be2 Bg7 7. Be3 0-0 8. h3 Nc6 9. Qd2 Nxd4 10. Bxd4 Be6 11. 0-0 Qa5 12. a3 Nxe4 13. Qe3 Bxd4 14. Qxd4 Nxc3 15. Qxc3 Qxc3 16. bxc3 Rfc8 17. Rab1 b6 18. c4 Bxc4 19. Bxc4 Rxc4 20. Rfc1 Rac8 21. Rb2 Rc3 22. Re1 e6 23. Rd1 d5 24. Rd3 Rxd3 25. cxd3 Rc1+ 26. Kh2 Rc3 0-1

[Event "Itu LCX 22nd"]
[Site "Itu"]
[Date "2011.03.23"]
[Round "1"]
[White "Jacque, Angelica Goncalves"]
[Black "Martinez, Carlos Alejandro"]
[Result "0-1"]
[WhiteElo "1798"]
[BlackElo "2496"]
[PlyCount "80"]
[EventDate "2011.03.23"]
[EventType "tourn"]
[EventRounds "11"]
[EventCountry "BRA"]
[SourceTitle "EXT 2022"]
[Source "ChessBase"]
[SourceDate "2021.10.06"]
[SourceVersion "1"]
[SourceVersionDate "2021.10.06"]
[SourceQuality "1"]

1. d4 Nf6 2. c4 e6 3. Nc3 Bb4 4. Qc2 d5 5. a3 Bxc3+ 6. Qxc3 Nc6 7. e3 0-0 8. b4 Re8 9. Nf3 Ne4 10. Qc2 f5 11. Bd3 Ne7 12. Bb2 Ng6 13. 0-0 c6 14. b5 Rf8 15. bxc6 bxc6 16. Ne5 Nxe5 17. dxe5 Rb8 18. cxd5 cxd5 19. Bd4 Qa5 20. f3 Ng5 21. Rfb1 Ba6 22. Bxa6 Qxa6 23. Rb4 Rbc8 24. Qd2 Rc7 25. Rc1 Rfc8 26. Rxc7 Rxc7 27. Rb8+ Rc8 28. Rxc8+ Qxc8 29. e4 h6 30. exf5 exf5 31. Bxa7 Qc4 32. Be3 Ne6 33. Qc1 Qd3 34. a4 d4 35. Bd2 Kh7 36. a5 Nc5 37. Qxc5 Qxd2 38. h3 d3 39. a6 Qc2 40. Qf8 d2 0-1

[Event "Campinas Oficina do Estudante 21st LCX"]
[Site "Campinas"]
[Date "2010.10.16"]
[Round "6"]
[White "Travessa, Diobel Gomes"]
[Black "Martinez, Carlos Alejandro"]
[Result "0-1"]
[WhiteElo "1566"]
[BlackElo "2490"]
[PlyCount "92"]
[EventDate "2010.10.09"]
[EventType "tourn"]
[EventRounds "13"]
[EventCountry "BRA"]
[SourceTitle "EXT 2022"]
[Source "ChessBase"]
[SourceDate "2021.10.06"]
[SourceVersion "1"]
[SourceVersionDate "2021.10.06"]
[SourceQuality "1"]

1. e4 c5 2. Nf3 d6 3. Bc4 Nf6 4. e5 dxe5 5. Nxe5 e6 6. 0-0 a6 7. a4 Nbd7 8. Nxd7 Bxd7 9. d3 Bc6 10. Nc3 Bd6 11. h3 Bc7 12. Be3 Qd6 13. f4 0-0-0 14. Qe1 g5 15. Ne2 gxf4 16. Bxf4 Rhg8 17. Rf2 e5 18. Bh2 Nd5 19. Bxd5 Qxd5 20. Qf1 f5 21. Nc3 Qd4 22. Kh1 Rg5 23. Re1 Rdg8 24. Ree2 f4 25. Ne4 Bxe4 26. Rxe4 Qxb2 27. c4 Qc3 28. Qe2 Qa1+ 29. Rf1 Qxa4 30. Rf2 Qa1+ 31. Rf1 Qc3 32. Rf2 a5 33. Qf1 a4 34. Re1 a3 35. Rc1 Qb3 36. Rb1 Qa4 37. Ra2 Ba5 38. Qf2 Qc6 39. Qf3 Qxf3 40. gxf3 Bb4 41. Rf1 Rd8 42. Rd1 e4 43. fxe4 f3 44. Bf4 Rg2 45. Rxg2 fxg2+ 46. Kxg2 Bc3 0-1

[Event "Campinas Oficina do Estudante 21st LCX"]
[Site "Campinas"]
[Date "2010.10.15"]
[Round "5"]
[White "Martinez, Carlos Alejandro"]
[Black "Do Prado, Andressa Souza Brit"]
[Result "1-0"]
[WhiteElo "2490"]
[BlackElo "1646"]
[PlyCount "45"]
[EventDate "2010.10.09"]
[EventType "tourn"]
[EventRounds "13"]
[EventCountry "BRA"]
[SourceTitle "EXT 2022"]
[Source "ChessBase"]
[SourceDate "2021.10.06"]
[SourceVersion "1"]
[SourceVersionDate "2021.10.06"]
[SourceQuality "1"]

1. e4 e5 2. Nf3 Nc6 3. Bc4 Bc5 4. b4 Bxb4 5. c3 Bc5 6. d4 exd4 7. 0-0 dxc3 8. Nxc3 Nge7 9. Ng5 d5 10. Nxd5 Ne5 11. Bb3 0-0 12. Nxh7 Bg4 13. Qc2 Qd6 14. Nxe7+ Kxh7 15. Nd5 Nf3+ 16. gxf3 Bh3 17. e5+ Qg6+ 18. Qxg6+ fxg6 19. Re1 Rxf3 20. Be3 Ba3 21. Rad1 Bb2 22. Bd4 Bxd4 23. Rxd4 1-0

[Event "Campinas Oficina do Estudante 21st LCX"]
[Site "Campinas"]
[Date "2010.10.09"]
[Round "2"]
[White "Faria, Marcio Roberto"]
[Black "Martinez, Carlos Alejandro"]
[Result "0-1"]
[WhiteElo "1956"]
[BlackElo "2490"]
[PlyCount "80"]
[EventDate "2010.10.09"]
[EventType "tourn"]
[EventRounds "13"]
[EventCountry "BRA"]
[SourceTitle "EXT 2022"]
[Source "ChessBase"]
[SourceDate "2021.10.06"]
[SourceVersion "1"]
[SourceVersionDate "2021.10.06"]
[SourceQuality "1"]

1. d4 Nf6 2. c4 c5 3. Nf3 cxd4 4. Nxd4 Nc6 5. Nc3 g6 6. e4 Bg7 7. Be3 0-0 8. Be2 d6 9. 0-0 Bd7 10. Qd2 Ng4 11. Bxg4 Bxg4 12. f3 Bd7 13. Qf2 Rc8 14. Rac1 Ne5 15. Rfd1 Nxc4 16. Bg5 h6 17. Bh4 g5 18. Bg3 Ne5 19. b3 Qb6 20. Nd5 Rxc1 21. Rxc1 Qxd4 22. Qxd4 Nxf3+ 23. gxf3 Bxd4+ 24. Kg2 e6 25. Rc7 exd5 26. Rxd7 dxe4 27. Rxd6 exf3+ 28. Kxf3 Bc5 29. Rd7 b5 30. Rb7 Bb6 31. h4 f5 32. hxg5 hxg5 33. Be5 Re8 34. Rg7+ Kf8 35. Bf6 Re6 36. Ba1 Re3+ 37. Kg2 Re2+ 38. Kf3 Rf2+ 39. Kg3 Rxa2 40. Bf6 Bd8 0-1

[Event "Campinas 10"]
[Site "Campinas"]
[Date "2009.11.01"]
[Round "5"]
[White "Labegalini, Antonio Luiz"]
[Black "Martinez, Carlos Alejandro"]
[Result "0-1"]
[WhiteElo "1897"]
[BlackElo "2468"]
[PlyCount "40"]
[EventDate "2009.10.30"]
[EventType "tourn"]
[EventRounds "5"]
[EventCountry "BRA"]
[SourceTitle "EXT 2012"]
[Source "ChessBase"]
[SourceDate "2011.11.24"]
[SourceVersion "1"]
[SourceVersionDate "2011.11.24"]
[SourceQuality "1"]

1. d4 Nf6 2. Nf3 c5 3. e3 cxd4 4. exd4 d5 5. Bd3 Nc6 6. Bg5 Ne4 7. 0-0 Nxg5 8. Nxg5 e5 9. Nf3 e4 10. Re1 Be7 11. Bxe4 dxe4 12. Rxe4 Bf5 13. Re2 Bg4 14. Re4 f5 15. Rxe7+ Qxe7 16. c3 Bxf3 17. gxf3 0-0 18. Nd2 Kh8 19. f4 Rfe8 20. Nf3 Qe2 0-1

[Event "Campinas 10"]
[Site "Campinas"]
[Date "2009.10.31"]
[Round "2"]
[White "Martinez, Carlos Alejandro"]
[Black "Rouanet, Luiz Paulo"]
[Result "1-0"]
[WhiteElo "2468"]
[BlackElo "2030"]
[PlyCount "59"]
[EventDate "2009.10.30"]
[EventType "tourn"]
[EventRounds "5"]
[EventCountry "BRA"]
[SourceTitle "EXT 2012"]
[Source "ChessBase"]
[SourceDate "2011.11.24"]
[SourceVersion "1"]
[SourceVersionDate "2011.11.24"]
[SourceQuality "1"]

1. c4 c6 2. d4 d5 3. Nf3 Nf6 4. cxd5 cxd5 5. Nc3 Nc6 6. Bf4 a6 7. e3 e6 8. Bd3 Bd6 9. Bxd6 Qxd6 10. 0-0 0-0 11. h3 e5 12. dxe5 Nxe5 13. Be2 h6 14. Qd4 Nc6 15. Qa4 Be6 16. Rfd1 Rfd8 17. Rd2 b5 18. Qh4 Qe7 19. Nd4 Nxd4 20. Rxd4 Rac8 21. a3 Rc5 22. Rad1 Rdc8 23. a4 Qe8 24. axb5 axb5 25. e4 dxe4 26. Nxe4 Rc1 27. Nxf6+ gxf6 28. Qxh6 Rxd1+ 29. Bxd1 Rc4 30. Rd3 1-0

[Event "Campinas 10"]
[Site "Campinas"]
[Date "2009.10.30"]
[Round "1"]
[White "Martinez, Carlos Alejandro"]
[Black "Menezes Se, Daniel"]
[Result "1-0"]
[WhiteElo "2468"]
[BlackElo "1608"]
[PlyCount "61"]
[EventDate "2009.10.30"]
[EventType "tourn"]
[EventRounds "5"]
[EventCountry "BRA"]
[SourceTitle "EXT 2012"]
[Source "ChessBase"]
[SourceDate "2011.11.24"]
[SourceVersion "1"]
[SourceVersionDate "2011.11.24"]
[SourceQuality "1"]

1. c4 Nf6 2. Nc3 g6 3. Nf3 Bg7 4. g3 b6 5. Bg2 Bb7 6. d4 0-0 7. 0-0 c5 8. d5 d6 9. e4 Nbd7 10. Re1 Ne8 11. Qc2 a6 12. Bf4 Nef6 13. e5 Nh5 14. exd6 exd6 15. Bxd6 Re8 16. Rxe8+ Qxe8 17. Re1 Qd8 18. Be7 Qc8 19. Ne4 Qb8 20. Bh3 Nhf6 21. b3 Nxe4 22. Qxe4 Nf6 23. Qh4 Ne8 24. Ng5 h6 25. Nxf7 h5 26. Be6 Kh7 27. Ng5+ Kh6 28. Bg8 Nd6 29. Nf7+ Nxf7 30. Bxf7 Qh8 31. Qg5+ 1-0

[Event "Campinas 06"]
[Site "Campinas"]
[Date "2009.06.20"]
[Round "7"]
[White "Freire, Rodrigo da Silva"]
[Black "Martinez, Carlos Alejandro"]
[Result "0-1"]
[WhiteElo "1857"]
[BlackElo "2468"]
[PlyCount "80"]
[EventDate "2009.06.05"]
[EventType "tourn"]
[EventRounds "14"]
[EventCountry "BRA"]
[SourceTitle "EXT 2022"]
[Source "ChessBase"]
[SourceDate "2021.10.06"]
[SourceVersion "1"]
[SourceVersionDate "2021.10.06"]
[SourceQuality "1"]

1. e4 c6 2. d4 d5 3. e5 Bf5 4. Bd3 Bxd3 5. Qxd3 e6 6. Nf3 Qa5+ 7. Nbd2 Qa6 8. Qe3 Ne7 9. Nb3 Nd7 10. Qe2 Qxe2+ 11. Kxe2 f6 12. Re1 Ng6 13. exf6 gxf6 14. Kf1 Kf7 15. g4 e5 16. c3 Bd6 17. h3 h5 18. g5 e4 19. Ng1 f5 20. f3 Ndf8 21. fxe4 fxe4 22. Be3 Ne6 23. Ke2 Ngf4+ 24. Bxf4 Nxf4+ 25. Kd2 Kg6 26. h4 Ng2 27. Rf1 Rhf8 28. Na5 Bf4+ 29. Ke2 Nxh4 30. Nh3 Bc7 31. Nb3 Nf5 32. Kd2 Ng3 33. Rg1 Rf3 34. Nc5 e3+ 35. Kc2 Re8 36. Rae1 Ne4 37. Rh1 Nxc5 38. dxc5 e2 39. Kd2 Rfe3 40. Ng1 Bf4 0-1

[Event "Campinas 06"]
[Site "Campinas"]
[Date "2009.06.07"]
[Round "4"]
[White "Martinez, Carlos Alejandro"]
[Black "Pereira, Marcio Machado"]
[Result "1-0"]
[WhiteElo "2468"]
[BlackElo "1711"]
[PlyCount "89"]
[EventDate "2009.06.05"]
[EventType "tourn"]
[EventRounds "14"]
[EventCountry "BRA"]
[SourceTitle "EXT 2012"]
[Source "ChessBase"]
[SourceDate "2011.11.24"]
[SourceVersion "1"]
[SourceVersionDate "2011.11.24"]
[SourceQuality "1"]

1. e4 c6 2. d4 d5 3. e5 Bf5 4. Nc3 e6 5. g4 Bg6 6. Nge2 c5 7. h4 h5 8. Nf4 Bh7 9. Nxh5 Qb6 10. dxc5 Bxc5 11. Rh2 Kf8 12. Bd3 Nc6 13. f4 Nge7 14. Kf1 Nb4 15. Bxh7 Rxh7 16. a3 Qa6+ 17. Kg2 d4 18. Ne4 Qc6 19. Qe2 d3 20. cxd3 Nbd5 21. Kg3 Bg1 22. Rg2 Qb6 23. Bd2 Be3 24. Bxe3 Qxe3+ 25. Qxe3 Nxe3 26. Re2 N3f5+ 27. Kh3 Rd8 28. Rd1 Nd5 29. Rf1 Nde3 30. Rf3 Nxg4 31. Kxg4 Nd4 32. Ree3 Nxf3 33. Rxf3 Rd4 34. Nhg3 Ke7 35. f5 Rh8 36. f6+ gxf6 37. exf6+ Kd7 38. h5 Rg8+ 39. Kh4 Rh8 40. Rf4 b6 41. Rg4 Rxd3 42. Rg7 Ke8 43. Ng5 Rd7 44. N3e4 Rf8 45. h6 1-0

[Event "Campinas 06"]
[Site "Campinas"]
[Date "2009.06.06"]
[Round "3"]
[White "Martinez, Carlos Alejandro"]
[Black "De Moraes, Francisco Jose Baen"]
[Result "1-0"]
[WhiteElo "2468"]
[BlackElo "1985"]
[PlyCount "113"]
[EventDate "2009.06.05"]
[EventType "tourn"]
[EventRounds "14"]
[EventCountry "BRA"]
[SourceTitle "EXT 2012"]
[Source "ChessBase"]
[SourceDate "2011.11.24"]
[SourceVersion "1"]
[SourceVersionDate "2011.11.24"]
[SourceQuality "1"]

1. e4 c6 2. d4 d5 3. Nc3 dxe4 4. Nxe4 Bf5 5. Ng3 Bg6 6. h4 h6 7. Nf3 Nd7 8. h5 Bh7 9. Bd3 Bxd3 10. Qxd3 Ngf6 11. Bf4 Qa5+ 12. Bd2 Qc7 13. 0-0-0 e6 14. Qe2 0-0-0 15. Ne5 Nxe5 16. dxe5 Nd7 17. f4 Be7 18. Ne4 Nc5 19. Nc3 Rhe8 20. Be3 b6 21. b4 Nb7 22. Qc4 Rxd1+ 23. Kxd1 Rd8+ 24. Ke2 Rd7 25. a3 Kb8 26. a4 Nd8 27. Ra1 f6 28. exf6 Bxf6 29. Rd1 Rxd1 30. Nxd1 Qd6 31. g4 Qd5 32. Qd3 Nf7 33. c4 Qxd3+ 34. Kxd3 Kc7 35. b5 c5 36. Nf2 Nd6 37. Ne4 Nxe4 38. Kxe4 Kd6 39. g5 Be7 40. g6 Bf6 41. f5 exf5+ 42. Kxf5 Be5 43. Bd2 Bd4 44. a5 bxa5 45. Bxa5 Kd7 46. Bd2 Kc7 47. Ke6 Kb6 48. Kf7 a6 49. bxa6 Kxa6 50. Bxh6 gxh6 51. g7 Bxg7 52. Kxg7 Ka5 53. Kxh6 Kb4 54. Kg5 Kxc4 55. h6 Kd3 56. h7 c4 57. h8Q 1-0

[Event "Campinas LCX 13th"]
[Site "Campinas"]
[Date "2008.12.06"]
[Round "4"]
[White "Martinez, Carlos Alejandro"]
[Black "Dos Santos, Erickson Cristiano"]
[Result "1-0"]
[WhiteElo "2463"]
[BlackElo "1747"]
[PlyCount "53"]
[EventDate "2008.11.29"]
[EventType "tourn"]
[EventRounds "9"]
[EventCountry "BRA"]
[SourceTitle "EXT 2022"]
[Source "ChessBase"]
[SourceDate "2021.10.06"]
[SourceVersion "1"]
[SourceVersionDate "2021.10.06"]
[SourceQuality "1"]

1. e4 c5 2. Nf3 e6 3. Nc3 a6 4. d4 cxd4 5. Nxd4 b5 6. Bd3 Ne7 7. 0-0 Nbc6 8. Be3 Bb7 9. Nb3 Na5 10. Nxa5 Qxa5 11. a4 b4 12. Nb1 d5 13. Nd2 dxe4 14. Bxe4 Bxe4 15. Nxe4 Nd5 16. Qd4 Nxe3 17. fxe3 Rd8 18. Nf6+ gxf6 19. Qxf6 Rd2 20. Qxf7+ Kd8 21. Qf6+ Kc7 22. Qxh8 Qg5 23. Qxh7+ Kb6 24. a5+ Kb5 25. Qb7+ Kc5 26. Qc7+ Kd5 27. e4+ 1-0

[Event "Campinas IRT LCX 09th"]
[Site "Campinas"]
[Date "2008.07.15"]
[Round "11"]
[White "Martinez, Carlos Alejandro"]
[Black "Fascetti, Angelo de Leon Cult"]
[Result "1-0"]
[WhiteElo "2445"]
[BlackElo "2089"]
[PlyCount "97"]
[EventDate "2008.07.15"]
[EventType "tourn"]
[EventRounds "11"]
[EventCountry "BRA"]
[SourceTitle "EXT 2022"]
[Source "ChessBase"]
[SourceDate "2021.10.06"]
[SourceVersion "1"]
[SourceVersionDate "2021.10.06"]
[SourceQuality "1"]

1. Nf3 d5 2. e3 Nf6 3. c4 e6 4. b3 c6 5. Bb2 Nbd7 6. Be2 Bd6 7. Nc3 0-0 8. d4 Ne4 9. Qc2 f5 10. 0-0 g5 11. Ne5 Qf6 12. f4 g4 13. Nxe4 dxe4 14. Nxd7 Bxd7 15. d5 Qh6 16. c5 Be7 17. d6 Bf6 18. g3 Qg7 19. Rab1 h5 20. h4 gxh3 21. Kf2 h4 22. Rg1 h2 23. Rg2 Kh8 24. Bxf6 Rxf6 25. Rh1 Rh6 26. g4 fxg4 27. Rxg4 Qf6 28. Qxe4 e5 29. Qxe5 Bxg4 30. Qxf6+ Rxf6 31. Bxg4 Rg8 32. d7 Rfg6 33. Bh3 Rg1 34. Rxh2 Rc1 35. Kf3 Rxc5 36. Be6 Rd8 37. Rxh4+ Kg7 38. f5 Kf6 39. Kf4 Rc2 40. Rh6+ Ke7 41. e4 Rxa2 42. b4 Rb2 43. Ke5 Rf8 44. f6+ Kd8 45. Rh7 Rf2 46. Bf5 Rb2 47. Re7 Rxb4 48. Bg6 Rb5+ 49. Ke6 1-0